00617 2200193 4500001002100000005001500021035002000036007000300056008003900059082000700098084001300105100001800118245018000136250001000316260004600326300002400372600001200396990001500408INLIS00000000000992320260430090424 a0010-0426000358ta260430 | | |  a53 a53 SYA s0 aSYAMSUL BAHRI1 aSISTEM PENDUKUNG KEPUTUSAN PENENTUAN PENERIMA BEASISWA DENGAN METODE SIMPLE ADDITIVE WEIGHTING (SAW) BERBASIS WEB DI SMA HASANKA BOARDING SCHOOL PALANGKA RAYA /cSYAMSUL BAHRI aCet 1 aPalangka Raya :bPerpustakaan UMPR,c2023 av, 103 hlm :bilus. 4aSKRIPSI a1953021313